Oʻahu Trivia - Statistics

General Stats
  • This quiz has been taken 5 times
  • The average score is 7 of 15
Answer Stats
Hint Answer % Correct
Biggest City Honolulu
100%
Region of Honolulu known for tourism Waikīkī
100%
What is the percentage of the area of Oʻahu owned by the U.S Military 21%
67%
What island is oʻahu apart of oʻahu
67%
The school whose Alma Mater is based on O Christmas Tree PUNAHOU
67%
What are those bases (name one!) Schofield BarracksFort Shafter/Pearl harbor complex Marine Corps Base Hawaii
67%
Biggest Shopping center Ala Moana Center
33%
Busiest Store (busiest location in the world) Costco Wholesale
33%
One of the Famous Craters Diamond Head/LēahiKoko Head punchbowl
33%
One of the Two Ranges on Oʻahu Koʻolau and Waiʻanae
33%
Famous hotel region (Aulani is located here!) Koʻolina
33%
What areas do the highways connect to? Military bases
33%
School known for Performing arts (marching and Orchestra( Moanalua High
33%
2nd biggest city (town) Pearl City
33%
What is 1 of the 3 main roads connecting town to the Windard side? H3 (Salt lake -> Kaneohe)Likelike Highway (Kalihi -> Kaneohe) Pali Highway (Nuʻuanu -> Kailua)
0%
No matching quizzes found
Score Distribution
Percent of People with Each Score
Percentile by Number Answered
Your Score History
You have not taken this quiz